| 000 | 00852cad a22002055a 4500 | ||
|---|---|---|---|
| 001 | E154443 | ||
| 008 | 111205e20111202xxk 000 0 eng d | ||
| 035 | _a(Sirsi) u154443 | ||
| 041 | 0 | _aeng | |
| 110 | 2 |
_aRegisters of Scotland _95601 |
|
| 245 | 0 | 0 |
_aLand Registration etc. (Scotland) Bill _h[electronic resource] |
| 260 | _c2011 | ||
| 490 |
_aRegisters of Scotland News Release _v2 December 2011 |
||
| 520 | _aThe Land Registration etc. (Scotland) Bill has been introduced, with the aim of improving the land registration system in Scotland. | ||
| 590 | _aKA NTK | ||
| 651 | 4 |
_aScotland _y1999- |
|
| 690 | _aPROPERTY-PROPERTY ACQUISITION AND DISPOSAL-REGISTRATION OF TITLE TO PROPERTY-LAND REGISTRATION | ||
| 856 | 4 | 0 |
_uhttps://www.ros.gov.uk/public/news/2011/lr_bill.html _zView the press release free of charge at www.ros.gov.uk... |
| 942 | _n0 | ||
| 999 |
_c83621 _d83621 |
||